| 000 | 00645nam a2200241 4500 | ||
|---|---|---|---|
| 999 |
_c42952 _d42952 |
||
| 001 | 3603120 | ||
| 005 | 20180830082649.0 | ||
| 008 | 710329s1971 nyuab b 001 0 eng | ||
| 010 | _a 71122250 | ||
| 020 | _a0800876075 | ||
| 040 |
_aDLC _cDLC _dDLC |
||
| 043 | _aa-th--- | ||
| 100 | 1 |
_aBasche, James R., _d1926- |
|
| 245 | 1 | 0 |
_aThailand: land of the free _c[by] James Basche. |
| 260 |
_aNew York, _bTaplinger Pub. Co. _cc1971. |
||
| 300 |
_ax, 273 p. _billus., map. _c24 cm. |
||
| 336 | _atext | ||
| 337 | _aunmediated | ||
| 338 | _avolume | ||
| 504 | _aBibliography: p. 263-267. | ||
| 651 | 0 |
_aThailand _xHistory. |
|
| 942 |
_2lcc _cBK |
||